| 000 | 00678nam a2200241 a 4500 | ||
|---|---|---|---|
| 005 | 20210219152840.0 | ||
| 008 | 991125n 000 0 eng u | ||
| 035 | _aUPN01000062799 | ||
| 100 | _aO'Shea, Thomas | ||
| 222 | _aSCHOOL SCIENCE AND MATHEMATICS | ||
| 245 | _aA activity-based approach to the cosine law | ||
| 300 | _a71-75 | ||
| 362 | _a1993 93, No. 2, | ||
| 505 | _aDiciembre 1993 | ||
| 653 | 0 | _aACTIVIDADES DE APRENDIZAJE | |
| 653 | 0 | _aENSE\197ANZA MATEMATICA | |
| 653 | 0 | _aESTUDIANTES COMO MAESTROS | |
| 653 | 0 | _aMETODOS DE ENSE\197ANZA | |
| 653 | 0 | _aMODELOS DE ENSE\197ANZA | |
| 653 | 0 | _aTRIGONOMETRIA | |
| 904 |
_aAC _b000610 |
||
| 905 | _aArticulo | ||
| 999 |
_c61894 _d61894 |
||